At the crossroads of culture and literature / (Record no. 102459)

MARC details
000 -LEADER
fixed length control field 01101nam a22002537a 4500
005 - DATE AND TIME OF LATEST TRANSACTION
control field 20180315102258.0
010 ## - LCCN (DPL NO)
LC control number 1617EN ENG-117239
020 ## - INTERNATIONAL STANDARD BOOK NUMBER
International Standard Book Number 9789384082710
Terms of availability 1495.00
035 ## - SYSTEM CONTROL NUMBER
System control number B-650295-301
035 ## - SYSTEM CONTROL NUMBER
System control number B-664677
035 ## - SYSTEM CONTROL NUMBER
System control number EN-100771
037 ## - SOURCE OF ACQUISITION
Stock number dpl
Source of stock number/acquisition BSB
082 ## - DEWEY DECIMAL CLASSIFICATION NUMBER
Classification number 970.004914
245 ## - TITLE STATEMENT
Title At the crossroads of culture and literature /
Statement of responsibility, etc edited by Suchorita Chattopadhyay [and] Debashree Dattaray
260 ## - PUBLICATION, DISTRIBUTION, ETC. (IMPRINT)
Place of publication, distribution, etc Delhi
Name of publisher, distributor, etc Primus Books
Date of publication, distribution, etc 2016
270 ## - ADDRESS
Address Virat Bhawan, Mukherjee Nagar Commercial Complex
City Delhi
Postal code 110009
300 ## - PHYSICAL DESCRIPTION
Extent viii,191p.
Dimensions 25cm(Hb)
500 ## - GENERAL NOTE
General note Includes index
700 ## - ADDED ENTRY--PERSONAL NAME
Personal name Chattopadhyay, Suchorita
700 ## - ADDED ENTRY--PERSONAL NAME
Personal name Dattaray, Debashree
942 ## - ADDED ENTRY ELEMENTS (KOHA)
Source of classification or shelving scheme Dewey Decimal Classification
Item type English Books
Call number suffix CRO
Classification part 970.004914
Holdings
Withdrawn status Lost status Not for loan Collection code Home library Current library Date acquired Source of acquisition Cost, normal purchase price Full call number Barcode Copy number Cost, replacement price Koha item type
      Non-fiction Ashok Vihar Ashok Vihar 06/07/2017 BPPD/EN/2016-17/AV/2016-17/455/15.02.2017/BSB/IN513/28.02.2017/06.03.2017 1595.00 970.004914 CRO B-664677 1 1495.00 English Books
      Non-fiction Bagh Kadhe Khan Bagh Kadhe Khan 31/01/2017 BPPD/EN/2016-17/289/24.11.2016/337/2.12.2016/4.1.2017 1495.00 970.004914 CRO B-650300 1 1495.00 English Books
    Not For Loan Non-fiction D.B.Act.Division Bawana 14/02/2017 DBAD/PUB 1495.00 970.004914 CRO EN-100771 1 1495.00 English Books
      Non-fiction Central Library Central Library 31/01/2017 BPPD/EN/2016-17/289/24.11.2016/337/2.12.2016/4.1.2017 1495.00 970.004914 CRO B-650295 1 1495.00 English Books
      Non-fiction Janak Puri Janak Puri 31/01/2017 BPPD/EN/2016-17/289/24.11.2016/337/2.12.2016/4.1.2017 1495.00 970.004914 CRO B-650297 1 1495.00 English Books
      Non-fiction Karol Bagh Karol Bagh 31/01/2017 BPPD/EN/2016-17/289/24.11.2016/337/2.12.2016/4.1.2017 1495.00 970.004914 CRO B-650298 1 1495.00 English Books
      Non-fiction New Rohtak Road New Rohtak Road 31/01/2017 BPPD/EN/2016-17/289/24.11.2016/337/2.12.2016/4.1.2017 1495.00 970.004914 CRO B-650299 1 1495.00 English Books
      Non-fiction Patel Nagar Patel Nagar 31/01/2017 BPPD/EN/2016-17/289/24.11.2016/337/2.12.2016/4.1.2017 1495.00 970.004914 CRO B-650296 1 1495.00 English Books
      Non-fiction Shahdara Branch Shahdara Branch 31/01/2017 BPPD/EN/2016-17/289/24.11.2016/337/2.12.2016/4.1.2017 1495.00 970.004914 CRO B-650301 1 1495.00 English Books

© Delhi Public Library
Hit Counter
free hit counter